| 000 | 00383nam a2200145Ia 4500 | ||
|---|---|---|---|
| 008 | 240624s9999 xx 000 0 und d | ||
| 041 | _aeng | ||
| 082 | _a658.4092 COO | ||
| 100 | _aCOOPER SIMON | ||
| 245 | _aBRILLIANT LEADER WHAT BRILLIANT LEADERS | ||
| 250 | _a(2nd ed.) | ||
| 260 |
_c2011 _aLondon _bPrentice Hall |
||
| 300 | _axviii, : 197 : p. : cm. ; 21 | ||
| 365 |
_cGBP _b27.5 |
||
| 999 |
_c21632 _d21632 |
||